| 000 | 00818cab a2200253 4500 | ||
|---|---|---|---|
| 001 | WB3338-06 | ||
| 008 | 090401t1997 xxu||||| |||| 00| 0 eng d | ||
| 035 | _a(Sirsi) u81152 | ||
| 041 | _aeng | ||
| 245 | _aMDF safety hazard | ||
| 260 | _c1997 | ||
| 350 | _a0 | ||
| 490 |
_aIndependent on Sunday _v28 September 1997, 9(3) |
||
| 490 |
_aContract Journal _v570(6145) 1 October 1997, 4 |
||
| 490 |
_aConstruction News _v(6536) 9 October 1997, 16 |
||
| 520 | _aMedium Density Fibreboard (MDF), the commonly used material in DIY is the asbestos of the nineties, according to academics claiming that it is unsafe. | ||
| 650 | _aDIY | ||
| 650 | _aHEALTH HAZARDS | ||
| 650 | _aMDF | ||
| 650 | _aMEDIUM DENSITY FIBREBOARD | ||
| 690 | _aBUILT ENVIRONMENT-BUILDING MATERIALS | ||
| 942 | _n0 | ||
| 948 | _c30/09/1997 | ||
| 999 |
_c51140 _d51140 |
||